| Álbum | Música | % Correto |
|---|---|---|
| Djavan (1989) | Djavan Ao Vivo | Oceano | 89%
|
| Djavan Ao Vivo | Luz | Samurai | 81%
|
| Coisas de Acender | Se… | 74%
|
| Djavan Ao Vivo | Se... | 74%
|
| Bicho Solto - O XIII | Eu Te Devoro | 70%
|
| Djavan Ao Vivo | Eu te Devoro | 70%
|
| A Voz • O Violão • A Música de Djavan | Flor de Lis | 70%
|
| Djavan Ao Vivo | Flor De Lis | 70%
|
| Djavan Ao Vivo | Lilás | Lilás | 67%
|
| Milagreiro | Meu | 67%
|
| Djavan Ao Vivo | Luz | Açaí | 59%
|
| Djavan Ao Vivo | Luz | Sina | 59%
|
| Djavan Ao Vivo | Um Amor Puro | 59%
|
| Djavan Ao Vivo | Azul | 52%
|
| Alumbramento | Bicho Solto - O XIII | Djavan Ao Vivo | Meu Bem Querer | 52%
|
| Coisas de Acender | Linha do Equador | 48%
|
| Malásia | Nem um Dia | 44%
|
| Djavan Ao Vivo | Nem Um Dia | 44%
|
| Djavan Ao Vivo | Luz | Pétala | 44%
|
| Luz | Luz | 41%
|
| Djavan (1989) | Avião | 37%
|
| Malásia | Malásia | 37%
|
| Improviso | Improviso | 33%
|
| Djavan (1989) | Você Bem Sabe | 33%
|
| Alumbramento | Alumbramento | 30%
|
| Djavan (1989) | Djavan Ao Vivo | Cigano | 30%
|
| Coisas de Acender | Outono | 30%
|
| Djavan Ao Vivo | Seduzir | Seduzir | 30%
|
| Vesúvio | Vesúvio | 30%
|
| Coisas de Acender | Djavan Ao Vivo | Boa Noite | 26%
|
| Luz | Capim | 26%
|
| A Voz • O Violão • A Música de Djavan | Djavan Ao Vivo | Fato Consumado | 26%
|
| Vaidade | Flor do Medo | 26%
|
| Matizes | Matizes | 26%
|
| Milagreiro | Milagreiro | 26%
|
| Rua dos Amores | Rua dos Amores | 26%
|
| Malásia | Tenha Calma/Sem Você | 26%
|
| Vaidade | Vaidade | 26%
|
| Djavan Ao Vivo | Acelerou | 22%
|
| Bicho Solto - O XIII | Bicho Solto | 22%
|
| Djavan (1989) | Mal de Mim | 22%
|
| Vidas Pra Contar | Vidas Pra Contar | 22%
|
| Djavan Ao Vivo | Seduzir | Faltando um Pedaço | 19%
|
| Improviso | Um Brinde | 19%
|
| Malásia | Correnteza | 15%
|
| Djavan Ao Vivo | Lilás | Esquinas | 15%
|
| Improviso | O Vento | 15%
|
| Malásia | Que foi My Love? | 15%
|
| Djavan (1978) | Djavan Ao Vivo | Serrado | 15%
|
| Rua dos Amores | Vive | 15%
|
| D | Beleza Destruída | 11%
|
| Não é Azul, Mas é Mar | Dou-não-dou | 11%
|
| D | Iluminado | 11%
|
| Lilás | Infinito | 11%
|
| Alumbramento | Lambada de Serpente | 11%
|
| A Voz • O Violão • A Música de Djavan | Ventos do Norte | 11%
|
| Djavan (1978) | Djavan Ao Vivo | Álibi | 7%
|
| Novena | Avô | 7%
|
| Coisas de Acender | Baile | 7%
|
| Meu Lado | Beiral | 7%
|
| Matizes | Desandou | 7%
|
| Não é Azul, Mas é Mar | Doidice | 7%
|
| Malásia | Irmã de Neon | 7%
|
| Novena | Limão | 7%
|
| Não é Azul, Mas é Mar | Maçã | 7%
|
| Djavan (1989) | Mil Vezes | 7%
|
| Lilás | Miragem | 7%
|
| Vidas Pra Contar | Não é um Bolero | 7%
|
| D | Num Mundo De Paz | 7%
|
| Vesúvio | Orquídea | 7%
|
| Malásia | Seca | 7%
|
| Meu Lado | Segredo | 7%
|
| Malásia | Sorri (Smile) | 7%
|
| Meu Lado | Topázio | 7%
|
| Improviso | Um Affair | 7%
|
| Djavan (1989) | Vida Real (Dejame Ir) | 7%
|
| Bicho Solto - O XIII | Você É | 7%
|
| Bicho Solto - O XIII | Djavan Ao Vivo | A Carta | 4%
|
| Seduzir | A Ilha | 4%
|
| Djavan (1978) | Alagoas | 4%
|
| Novena | Aliás | 4%
|
| Coisas de Acender | Alívio | 4%
|
| Bicho Solto - O XIII | Amar é Tudo | 4%
|
| Djavan Ao Vivo | Amar É Tudo | 4%
|
| Alumbramento | Aquele Um | 4%
|
| Coisas de Acender | A Rota do Indivíduo (Ferrugem) | 4%
|
| Meu Lado | Asa | 4%
|
| Luz | Banho de Rio | 4%
|
| D | Cabeça Vazia | 4%
|
| Milagreiro | Cair em Si | 4%
|
| Lilás | Canto da Lira | 4%
|
| Djavan (1978) | Cara de Índio | 4%
|
| Não é Azul, Mas é Mar | Carnaval no Rio | 4%
|
| Vesúvio | Cedo ou tarde | 4%
|
| Improviso | Cetim | 4%
|
| Malásia | Cordilheira | 4%
|
| Malásia | Deixa o Sol Sair | 4%
|
| Djavan (1978) | Dupla Traição | 4%
|
| D | Êh! Êh! | 4%
|
| Luz | Esfinge | 4%
|
| Vesúvio | Esplendor | 4%
|
| Milagreiro | Farinha | 4%
|
| Rua dos Amores | Já Não Somos Dois | 4%
|
| Milagreiro | Ladeirinha | 4%
|
| Aria | La Noche | 4%
|
| Meu Lado | Lei | 4%
|
| Improviso | Levei a Noite | 4%
|
| A Voz • O Violão • A Música de Djavan | Magia | 4%
|
| A Voz • O Violão • A Música de Djavan | Maria das Mercedes | 4%
|
| Não é Azul, Mas é Mar | Me Leve | 4%
|
| Luz | Minha Irmã | 4%
|
| A Voz • O Violão • A Música de Djavan | Muito Obrigado | 4%
|
| A Voz • O Violão • A Música de Djavan | Na Boca do Beco | 4%
|
| Não é Azul, Mas é Mar | Navio | 4%
|
| Djavan (1978) | Nereci | 4%
|
| Luz | Nobreza | 4%
|
| Lilás | Obi | 4%
|
| Improviso | O Escolhido | 4%
|
| Improviso | O Grande Bem | 4%
|
| Milagreiro | Om | 4%
|
| Aria | Palco | 4%
|
| Improviso | Para Nunca Mais Esquecer | 4%
|
| Bicho Solto - O XIII | Passou | 4%
|
| Matizes | Pedra | 4%
|
| Improviso | Pra Sempre | 4%
|
| Meu Lado | Quase de Manhã | 4%
|
| D | Quase Fantasia | 4%
|
| Novena | Quero-quero | 4%
|
| Bicho Solto - O XIII | Retrato da Vida | 4%
|
| Aria | Sabes Mentir | 4%
|
| Vaidade | Se Acontecer | 4%
|
| Novena | Sem Saber | 4%
|
| Alumbramento | Sim ou Não | 4%
|
| Meu Lado | So Bashiya Ba Hlala Ekhaya | 4%
|
| Improviso | Sonhar | 4%
|
| Não é Azul, Mas é Mar | Soweto | 4%
|
| Vesúvio | Um Quase Amor | 4%
|
| Vesúvio | Viver é Dever | 4%
|
| Rua dos Amores | Acerto de Contas | 0%
|
| Matizes | Adorava Me Ver Como Seu | 0%
|
| Djavan (1978) | Água | 0%
|
| Novena | Água de Lua | 0%
|
| Milagreiro | Além de Amar | 0%
|
| Vaidade | Amor Algum | 0%
|
| Coisas de Acender | Andaluz | 0%
|
| Rua dos Amores | Anjo de Vitrô | 0%
|
| Vidas Pra Contar | Ânsia de Viver | 0%
|
| D | Ao Menos Um Porto | 0%
|
| Aria | Apoteose ao Samba | 0%
|
| Rua dos Amores | Ares Sutis | 0%
|
| Vidas Pra Contar | Aridez | 0%
|
| Alumbramento | A Rosa | 0%
|
| Bicho Solto - O XIII | Atitude | 0%
|
| Matizes | Azedo e Amargo | 0%
|
| Vaidade | Bailarina | 0%
|
| Rua dos Amores | Bangalô | 0%
|
| Bicho Solto - O XIII | Be Fair | 0%
|
| Não é Azul, Mas é Mar | Bouquet | 0%
|
| Aria | Brigas Nunca Mais | 0%
|
| Milagreiro | Brilho da Noite | 0%
|
| Vaidade | Celeuma | 0%
|
| Malásia | Coração Leviano | 0%
|
| Djavan (1989) | Corisco | 0%
|
| Matizes | Delírio dos Mortais | 0%
|
| Vaidade | Dia Azul | 0%
|
| Aria | Disfarça e Chora | 0%
|
| Vidas Pra Contar | Dona do Horizonte | 0%
|
| Alumbramento | Dor e Prata | 0%
|
| Vesúvio | Dores Gris | 0%
|
| Vaidade | Dorme Sofia | 0%
|
| A Voz • O Violão • A Música de Djavan | Embola Bola (Cateretê) | 0%
|
| Vidas Pra Contar | Encontrar-te | 0%
|
| Vidas Pra Contar | Enguiçado | 0%
|
| Vesúvio | Entre outras mil | 0%
|
| A Voz • O Violão • A Música de Djavan | E que Deus ajude | 0%
|
| Vaidade | Estátua de Sal | 0%
|
| Djavan (1978) | Estória de Cantador | 0%
|
| Seduzir | Êxtase | 0%
|
| Improviso | Falta Ralar! | 0%
|
| Aria | Fly Me to the Moon | 0%
|
| Seduzir | Humbiumbi | 0%
|
| Matizes | Imposto | 0%
|
| Milagreiro | Infinitude | 0%
|
| Lilás | Íris | 0%
|
| Matizes | Joaninha | 0%
|
| Seduzir | Jogral | 0%
|
| Lilás | Liberdade | 0%
|
| Novena | Lobisomen | 0%
|
| Matizes | Louça Fina | 0%
|
| Seduzir | Luanda | 0%
|
| Milagreiro | Lugar Comum | 0%
|
| Aria | Luz e Mistério | 0%
|
| A Voz • O Violão • A Música de Djavan | Maçã do Rosto | 0%
|
| Vesúvio | Madressilva | 0%
|
| Vesúvio | Mãos Dadas | 0%
|
| Novena | Mar à Vista | 0%
|
| Matizes | Mea-culpa | 0%
|
| Vesúvio | Meu Romance | 0%
|
| Djavan (1978) | Minha Mãe | 0%
|
| Seduzir | Morena de Endoidecer | 0%
|
| Meu Lado | Muito Mais | 0%
|
| Vaidade | Mundo Vasto | 0%
|
| Aria | Nada a nos Separar (West of the Wall) | 0%
|
| D | Nada Mais Sou | 0%
|
| Malásia | Não Deu!... | 0%
|
| Novena | Nas Ruas | 0%
|
| Meu Lado | Nkosi Sikelel' l-Afrika | 0%
|
| Djavan (1978) | Numa Esquina de Hanói | 0%
|
| Seduzir | Nvula Ieza Kia | 0%
|
| Aria | Oração ao Tempo | 0%
|
| Vidas Pra Contar | O Tal do Amor | 0%
|
| A Voz • O Violão • A Música de Djavan | Pára-raio | 0%
|
| Bicho Solto - O XIII | Pássaro | 0%
|
| Rua dos Amores | Pecado | 0%
|
| Seduzir | Pedro Brasil | 0%
|
| Rua dos Amores | Pode Esquecer | 0%
|
| Matizes | Por uma Vida em Paz | 0%
|
| Vidas Pra Contar | Primazia | 0%
|
| D | Primeira Estrada | 0%
|
| A Voz • O Violão • A Música de Djavan | Quantas Voltas dá o Meu Mundo | 0%
|
| Rua dos Amores | Quase Perdida | 0%
|
| Rua dos Amores | Quinze Anos | 0%
|
| Não é Azul, Mas é Mar | Real | 0%
|
| Novena | Renunciação | 0%
|
| Rua dos Amores | Reverberou | 0%
|
| D | Ridículo | 0%
|
| Meu Lado | Romance (Laranjinha) | 0%
|
| Djavan (1978) | Samba Dobrado | 0%
|
| Vidas Pra Contar | Se Não Vira Jazz | 0%
|
| Vaidade | Sentimento Verdadeiro | 0%
|
| Novena | Sete Coqueiros | 0%
|
| D | Sevilhando | 0%
|
| Milagreiro | Sílaba | 0%
|
| Vesúvio | Solitute | 0%
|
| Vidas Pra Contar | Só pra Ser o Sol | 0%
|
| Alumbramento | Sururu de Capote | 0%
|
| Vaidade | Tainá-Flor | 0%
|
| Bicho Solto - O XIII | Tão Raro | 0%
|
| Alumbramento | Tem Boi Na Linha | 0%
|
| Vesúvio | Tenho Medo de Ficar Só | 0%
|
| Seduzir | Total Abandono | 0%
|
| Lilás | Transe | 0%
|
| Aria | Treze de Dezembro | 0%
|
| Alumbramento | Triste Baía de Guanabara | 0%
|
| Rua dos Amores | Triste é o Cara | 0%
|
| Aria | Valsa Brasileira | 0%
|
| Vidas Pra Contar | Vida Nordestina | 0%
|
| Coisas de Acender | Violeiros | 0%
|
| D | Você Pode Ser Atriz | 0%
|